| 000 | 00633cam a22002291 4500 | ||
|---|---|---|---|
| 001 | sa 63001178 | ||
| 003 | DLC | ||
| 005 | 20260227111926.0 | ||
| 008 | 890524s1962 ii 000 0 hino | ||
| 010 | _asa 63001178 | ||
| 035 | _a(OCoLC)19761206 | ||
| 040 |
_aDLC _cWaU _dDLC |
||
| 042 | _apremarc | ||
| 050 | 0 | 0 |
_aPK2095.N3 _bZ85 |
| 100 | 1 |
_aSrivastava, Snehlata, _d1912- |
|
| 245 | 0 | 0 | _aNandadāsa kā bham̐varagīta : vivecana aura visleshaṇa. |
| 260 | _c[1962] | ||
| 300 |
_a198 p. _b23 cm. |
||
| 500 | _aIn Hindi. | ||
| 500 | _aImperfect copy: pp. 185-192 incorrectly imposed. | ||
| 600 | 0 | 0 |
_aNandadāsa, _dactive 1568. |
| 999 |
_c53849 _d53849 |
||